000
00302nam a22001337a 4500
008
181024b xxu||||| |||| 00| 0 eng d
020
_a
9781591943013
041
_a
eng
080
_a
370
100
_a
47
101
_a
EDU
245
_a
The Reading Writing Conection
_c
Langan.J
942
_2
udc
_c
BK
999
_c
50770
_d
50770